00672nam a2200241 a 4500001001300000003000900013005001700022008004100039020000800080082001500088100002400103245001900127260003500146300000900181500003500190505002200225650002300247650001900270902000800289942000700297952011100304999001500415nice12345678IN_TiNIC20260116011906.0050524s1968 dela grp 000 0 urd  ac500a954.8bABU aAbu Talib, Isfahani aTarikh-E-Asifi aDelhibIdarah Subah Adabc1968 a173p aincludes index and biblioraphy2 aVarious Documents aTafzihul Ghafileen aDeccan-History bSRS cBK 001040708StackRoom-aHMIbHMId2007-04-10g5.00l0o954.8 ABUp06147r2007-04-10v5.00w2005-05-24yBK c4747d4747